00640nam a2200169Ia 4500008004100000020001800041041000800059082001600067100002200083245013400105250000600239260003300245300001400278650003100292999001900323952012800342210716s2007 xx 000 0 und d a9788126508044 aeng a003.55 MARJ aMarchewka Jack T. aInformation technology project management: providing measurable organizational value.bProviding measurable organizational value. a2 aNew DelhibWiley Indiac2007 aXXIII,374 aInformation Theory(003.54) c189322d189322 001040708MCAaAIMITbAIMITeCurrent Booksg299.00l0o003.55 MARJpMCA08830r2025-07-21 00:00:00v299.00w2021-07-16yBK